<?xml version="1.0" encoding="UTF-8"?>
<record
    xmlns:xsi="http://www.w3.org/2001/XMLSchema-instance"
    xsi:schemaLocation="http://www.loc.gov/MARC21/slim http://www.loc.gov/standards/marcxml/schema/MARC21slim.xsd"
    xmlns="http://www.loc.gov/MARC21/slim">

  <leader>01054njm a22002417a 4500</leader>
  <controlfield tag="005">20100909122941.0</controlfield>
  <controlfield tag="006">a|||||r|||||00| 0 </controlfield>
  <controlfield tag="007">sd ammalaaahaa</controlfield>
  <controlfield tag="008">100906t        xxu||||| |||| 00| 0 eng d</controlfield>
  <datafield tag="028" ind1=" " ind2=" ">
    <subfield code="a">EAHA.1003</subfield>
    <subfield code="b">Angel Records</subfield>
  </datafield>
  <datafield tag="035" ind1=" " ind2=" ">
    <subfield code="a">GR-01061</subfield>
  </datafield>
  <datafield tag="040" ind1=" " ind2=" ">
    <subfield code="a">SED</subfield>
    <subfield code="c">SED</subfield>
  </datafield>
  <datafield tag="100" ind1=" " ind2=" ">
    <subfield code="9">18520</subfield>
    <subfield code="a">Mullick,Pankaj</subfield>
  </datafield>
  <datafield tag="245" ind1=" " ind2=" ">
    <subfield code="a">The hits of Pankaj Mullick /</subfield>
    <subfield code="c">sung by Pankaj Mullick </subfield>
    <subfield code="h">[Sound recording]</subfield>
  </datafield>
  <datafield tag="246" ind1=" " ind2=" ">
    <subfield code="a">&#x926;&#x940; &#x939;&#x93F;&#x91F;&#x94D;&#x938;  &#x911;&#x92B;&#x93C;  &#x92A;&#x902;&#x915;&#x91C;  &#x92E;&#x941;&#x932;&#x94D;&#x932;&#x93F;&#x91A;&#x94D;&#x915; /</subfield>
  </datafield>
  <datafield tag="260" ind1=" " ind2=" ">
    <subfield code="a">Dum Dum,India</subfield>
    <subfield code="b">Angel Records</subfield>
    <subfield code="c">n.d.</subfield>
  </datafield>
  <datafield tag="300" ind1=" " ind2=" ">
    <subfield code="a">1 sound disc [Gramophone Recording]</subfield>
    <subfield code="b">analog, 33 1/3 rpm ;</subfield>
    <subfield code="c">12.5 in. (LP)</subfield>
    <subfield code="f">Gramaphone Records</subfield>
  </datafield>
  <datafield tag="500" ind1="a" ind2=" ">
    <subfield code="a">Brief record</subfield>
  </datafield>
  <datafield tag="505" ind1=" " ind2=" ">
    <subfield code="a">Side 1 &#x906;&#x91C; &#x905;&#x92A;&#x928;&#x940; &#x92E;&#x947;&#x939;&#x928;&#x924;&#x94B;&#x902; &#x915;&#x93E; (Aaj apni mehnaton ka) (Doctor) Side2 &#x92F;&#x939; &#x930;&#x93E;&#x924;&#x947;&#x902; &#x92F;&#x939; &#x92E;&#x94C;&#x938;&#x92E; (yeh raaten yeh mousam) (Geet).</subfield>
  </datafield>
  <datafield tag="650" ind1=" " ind2=" ">
    <subfield code="a">Classical music</subfield>
    <subfield code="x">Excerpts </subfield>
    <subfield code="z">India</subfield>
    <subfield code="9">18521</subfield>
  </datafield>
  <datafield tag="942" ind1=" " ind2=" ">
    <subfield code="2">ddc</subfield>
    <subfield code="c">GR</subfield>
  </datafield>
  <datafield tag="999" ind1=" " ind2=" ">
    <subfield code="c">44761</subfield>
    <subfield code="d">44761</subfield>
  </datafield>
  <datafield tag="952" ind1=" " ind2=" ">
    <subfield code="0">0</subfield>
    <subfield code="1">0</subfield>
    <subfield code="2">ddc</subfield>
    <subfield code="4">0</subfield>
    <subfield code="7">1</subfield>
    <subfield code="8">NFIC</subfield>
    <subfield code="a">L</subfield>
    <subfield code="b">L</subfield>
    <subfield code="d">2010-09-09</subfield>
    <subfield code="e">SED/VEN</subfield>
    <subfield code="l">0</subfield>
    <subfield code="p">GR-01061</subfield>
    <subfield code="r">2010-09-09 00:00:00</subfield>
    <subfield code="t">1 </subfield>
    <subfield code="w">2010-09-09</subfield>
    <subfield code="y">GR</subfield>
  </datafield>
</record>
